| 000 | 03016cam a2201177 i 4500 | ||
|---|---|---|---|
| 003 | PE-LiUPU | ||
| 005 | 20250813185719.0 | ||
| 008 | 180321s2018 pe b 001 0 spa | ||
| 040 |
_bspa _cPE-LiUPU _erda _dPE-LiUPU |
||
| 082 |
_223 _a363.256 _bT693d |
||
| 100 |
_aTorres Soria, Wilber Jesús, _eautor. _95271 |
||
| 245 | 1 | 0 |
_aDactiloscopía I, II y III Nivel / _cWilber Jesús Torres Soria. |
| 250 | _aPrimera edición. | ||
| 264 | 1 |
_aLima : _bWilber Jesús Torres Soria, _c2025. |
|
| 300 |
_a359 páginas ; _c21 centímetros. |
||
| 336 |
_atext _btxt _2rdacontent |
||
| 337 |
_aunmediated _bn _2rdamedia |
||
| 338 |
_avolume _bnc _2rdacarrier |
||
| 504 | _aBibliografía: páginas 355-357. | ||
| 505 | _aHacia la estandarización dactiloscópica en Latinoamérica. Identificación dactilar -- I Nivel de la Identificación dactilar: Tipología dactilar -- II Nivel identificación dactilar: Acotación de minucias o puntos característicos -- III Nivel Identificación poroscópica Crestoscópica. | ||
| 526 | _aP202 | ||
| 526 | _aP201 | ||
| 526 | _aP163 | ||
| 526 | _aP162 | ||
| 526 | _aP161 | ||
| 526 | _aP160 | ||
| 526 | _aP148 | ||
| 526 | _aP147 | ||
| 526 | _aP146 | ||
| 526 | _aP145 | ||
| 526 | _aP144 | ||
| 526 | _aP143 | ||
| 526 | _aP142 | ||
| 526 | _aP141 | ||
| 526 | _aP140 | ||
| 526 | _aP139 | ||
| 526 | _aP138 | ||
| 526 | _aP137 | ||
| 526 | _aP136 | ||
| 526 | _aP135 | ||
| 526 | _aP134 | ||
| 526 | _aP133 | ||
| 526 | _aP129 | ||
| 526 | _aP128 | ||
| 526 | _aP127 | ||
| 526 | _aP120 | ||
| 526 | _aP119 | ||
| 526 | _aP118 | ||
| 526 | _aP116 | ||
| 526 | _aP115 | ||
| 526 | _aP114 | ||
| 526 | _aP110 | ||
| 526 | _aP109 | ||
| 526 | _aP108 | ||
| 526 | _aP104 | ||
| 526 | _aP103 | ||
| 526 | _aP102 | ||
| 526 | _aP99 | ||
| 526 | _aP98 | ||
| 526 | _aP97 | ||
| 526 | _aP96 | ||
| 526 | _aP95 | ||
| 526 | _aP93 | ||
| 526 | _aP90 | ||
| 526 | _aP89 | ||
| 526 | _aP88 | ||
| 526 | _aP83 | ||
| 526 | _aP82 | ||
| 526 | _aP62 | ||
| 526 | _aP59 | ||
| 526 | _aP58 | ||
| 526 | _aP57 | ||
| 526 | _aP51 | ||
| 526 | _aP49 | ||
| 526 | _aP48 | ||
| 526 | _aP47 | ||
| 526 | _aP29 | ||
| 526 | _aP24 | ||
| 526 | _aP20 | ||
| 526 | _aP19 | ||
| 526 | _aP17 | ||
| 526 | _aP15 | ||
| 526 | _aP14 | ||
| 526 | _aP12 | ||
| 526 | _aP10 | ||
| 526 | _aP09 | ||
| 526 | _aP08 | ||
| 526 | _aP07 | ||
| 526 | _aP06 | ||
| 526 | _aP05 | ||
| 526 | _aP04 | ||
| 526 | _aP01 | ||
| 556 |
_a10444184961 E001-106
_z9786124438431 |
||
| 650 | 1 | 4 |
_aDactiloscopía. _95272 |
| 650 | 2 | 4 |
_aIdentificación personal. _95273 |
| 650 | 2 | 4 |
_aCriminalística _xTécnicas de identificación. _95274 |
| 650 | 2 | 0 |
_aHuella digital _xAnálisis. _95275 |
| 942 |
_2ddc _cBK _n0 |
||
| 980 |
_618226 _aJaime Vilcazán Jefe de Análisis Documental _81 _gALBERTO SANCHEZ Responsable de Automatización |
||
| 999 |
_c62923 _d62922 |
||